书目信息 |
| 题名: |
翻开我家老影集
|
|
| 作者: | 孔东梅 著 | |
| 分册: | ||
| 出版信息: | 北京 中央文献出版社 2003 |
|
| 页数: | 190页 | |
| 开本: | 23cm | |
| 丛书名: | ||
| 单 册: | ||
| 中图分类: | A752 , K820.9 , A752 | |
| 科图分类: | ||
| 主题词: | 家族 , 毛泽东--生平事迹 , 毛泽东--传记 | |
| 电子资源: | ||
| ISBN: | 7-5073-1498-7 | |
| 000 | 01102nam0 2200325 450 | |
| 001 | 1235501893 | |
| 005 | 20120928095447.81 | |
| 010 | @a7-5073-1498-7@dCNY29.80 | |
| 100 | @a20040316d2003 em y0chiy50 ea | |
| 101 | 0 | @achi |
| 102 | @aCN@b110000 | |
| 105 | @aa z 000yd | |
| 106 | @ar | |
| 200 | 1 | @a翻开我家老影集@e我心中的外公毛泽东@f孔东梅著@Afan kai wo jia lao ying ji |
| 210 | @a北京@c中央文献出版社@d2003 | |
| 215 | @a190页@c照片@d23cm | |
| 330 | @a作者以毛泽东与贺子珍外孙女的身份,从伟人后代和当代女性双重视角出发,将女性、婚姻、家庭等内容娓娓道来是一本关于家族的记忆。 | |
| 517 | 1 | @a我心中的外公毛泽东@Awo xin zhong de wai gong mao ze dong |
| 600 | 0 | @a毛泽东@f(1893-1976) |
| 600 | 0 | @a毛泽东@f(1893-1976)@x生平事迹 |
| 600 | 0 | @a毛泽东@f(1893-1976)@x家族@x简介 |
| 606 | 0 | @a家族 |
| 606 | 0 | @a毛泽东@x生平事迹 |
| 606 | 0 | @a毛泽东@x传记 |
| 690 | @aA752@v4 | |
| 690 | @aK820.9@v4 | |
| 690 | @aA752@v4 | |
| 701 | 0 | @a孔东梅@c(女,@f1972~)@Akong dong mei@4著 |
| 801 | 0 | @aCN@b大连网信软件有限公司图书馆·11@c20120928 |
| 905 | @a10447@dA752@eJY48 | |
| 翻开我家老影集:我心中的外公毛泽东/孔东梅著.-北京:中央文献出版社,2003 |
| 190页:照片;23cm |
| ISBN 7-5073-1498-7:CNY29.80 |
| 作者以毛泽东与贺子珍外孙女的身份,从伟人后代和当代女性双重视角出发,将女性、婚姻、家庭等内容娓娓道来是一本关于家族的记忆。 |
| ● |
| 相关链接 |
|
|
|
|
正题名:翻开我家老影集
索取号:A752/JY48
 
预约/预借
| 序号 | 登录号 | 条形码 | 馆藏地/架位号 | 状态 | 备注 |
| 1 | 7809368 | 278093689 | 学院路分馆/ [索取号:A752/JY48] | 在馆 | |
| 2 | 7809369 | 278093698 | 学院路分馆/ [索取号:A752/JY48] | 在馆 | |
| 3 | 7809370 | 278093705 | 学院路分馆/ [索取号:A752/JY48] | 在馆 |